| 000 | 00714nam a2200205 a 4500 | ||
|---|---|---|---|
| 001 | 000025606 | ||
| 005 | 20200930023918.0 | ||
| 008 | 110218s1916 sp r 000 0 spa d | ||
| 040 |
_aDO-SdBNP _bspa _cBNPHU |
||
| 082 |
_axxxxx _bQ58s |
||
| 100 | 1 |
_aQuevedo Villegas, Francisco de, _cDon, _d1580-1645 _940049 |
|
| 245 | 1 | 4 |
_aLos sueños II / _cFrancisco de Quevedo Villegas ; introducción Julio Cejador. |
| 260 |
_aMadrid : _bLa Lectura, _c1916. |
||
| 300 |
_axxiii, 298 p. ; _c19 cm. |
||
| 490 | 1 |
_aClásicos castellanos ; _v34 |
|
| 504 | _aIncluye referencias bibliográficas y notas al pie de las páginas. | ||
| 700 | 1 |
_aCejador, Julio _952297 |
|
| 830 | 0 |
_aClásicos castellanos ; _n34 _952298 |
|
| 049 | _aBNGR | ||
| 999 |
_c25098 _d25098 |
||